000 00689nam a2200205 i 4500
001 69979
003 ES-MaACL
005 20231227184716.0
007 t|
008 040714s1950 sp ||||1| spa d
100 1 _aGarcía Martí, Victoriano,
_d1881-1966
_954896
245 1 0 _aTres narraciones gallegas
_b: . La tragedia del caballero de Santiago ; El emigrante ; Don Severo Carballo /
_cVictoriano García Martí.
260 _aMadrid :
_bDossat,
_c1950 (
_fBlass)
300 _a246 p. ;
_c20 cm.
740 3 _aLa tragedia del caballero de Santiago.
740 3 _aEl emigrante.
740 0 _aDon Severo Carballo.
852 _aES-MaACL
_jD-6354
_bR.29696
999 _c69979
_d69979